书目信息 |
| 题名: |
港澳知识手册
|
|
| 作者: | ;中华儿女杂志社 编 | |
| 分册: | ||
| 出版信息: | 北京 昆仑出版社 1996 |
|
| 页数: | 392页 | |
| 开本: | 19cm | |
| 丛书名: | ||
| 单 册: | ||
| 中图分类: | D676.58 , D676.59 , D625.658 | |
| 科图分类: | ||
| 主题词: | 政治--概况--香港 | |
| 电子资源: | ||
| ISBN: | 7-80040-253-3 | |
| 000 | 00637nam0 2200229 450 | |
| 001 | 1553919182 | |
| 005 | 20150118145920.34 | |
| 010 | @a7-80040-253-3@dCNY15.00 | |
| 100 | @a20021005d1996 em y0chiy0110 ea | |
| 101 | 0 | @achi |
| 102 | @aCN@b110000 | |
| 105 | @ay zr 000yy | |
| 200 | 1 | @a港澳知识手册@9gang ao zhi shi shou ce@f中华儿女杂志社编 |
| 210 | @a北京@c昆仑出版社@d1996 | |
| 215 | @a392页@d19cm | |
| 606 | 0 | @a政治@x概况@y香港 |
| 690 | @aD676.58@v5 | |
| 690 | @aD676.59@v5 | |
| 690 | @aD625.658@v4 | |
| 711 | 02 | @a中华儿女杂志社@9zhong hua er nv za zhi she@4编 |
| 801 | 0 | @aCN@bTSSF@c20150115 |
| 905 | @aZUCC@dD625.658@eJY1 | |
| 港澳知识手册/中华儿女杂志社编.-北京:昆仑出版社,1996 |
| 392页;19cm |
| ISBN 7-80040-253-3:CNY15.00 |
| ● |
| 相关链接 |
|
|
|
|
正题名:港澳知识手册
索取号:D625.658/JY1
 
预约/预借
| 序号 | 登录号 | 条形码 | 馆藏地/架位号 | 状态 | 备注 |
| 1 | 7835724 | 278357243 | 学院路分馆/ [索取号:D625.658/JY1] | 在馆 | |
| 2 | 7835725 | 278357252 | 学院路分馆/ [索取号:D625.658/JY1] | 在馆 | |
| 3 | 7835726 | 278357261 | 学院路分馆/ [索取号:D625.658/JY1] | 在馆 |